<?xml version="1.0" encoding="UTF-8"?>
<collection xmlns="http://www.loc.gov/MARC21/slim">
 <record>
  <leader>02009nas a22003251  4500</leader>
  <controlfield tag="001">1/50410</controlfield>
  <controlfield tag="008">050316c19969999enkqxzp       0   a0eng d</controlfield>
  <datafield tag="022" ind1=" " ind2=" ">
   <subfield code="a">1361-9209</subfield>
  </datafield>
  <datafield tag="035" ind1=" " ind2=" ">
   <subfield code="l">26940</subfield>
  </datafield>
  <datafield tag="040" ind1=" " ind2=" ">
   <subfield code="a">DLC</subfield>
   <subfield code="b">GR-PeUP</subfield>
  </datafield>
  <datafield tag="090" ind1=" " ind2=" ">
   <subfield code="a">Αλφαβητική σειρά</subfield>
  </datafield>
  <datafield tag="245" ind1="0" ind2="0">
   <subfield code="a">Transportation research:</subfield>
   <subfield code="b">Part D, Transport and environment</subfield>
  </datafield>
  <datafield tag="260" ind1=" " ind2=" ">
   <subfield code="a">New York :</subfield>
   <subfield code="b">Pergamon Press,</subfield>
   <subfield code="c">1996-</subfield>
  </datafield>
  <datafield tag="300" ind1=" " ind2=" ">
   <subfield code="a">v.:</subfield>
   <subfield code="b">ill.;</subfield>
   <subfield code="c">28 cm.</subfield>
  </datafield>
  <datafield tag="310" ind1=" " ind2=" ">
   <subfield code="a">6 no. a year</subfield>
  </datafield>
  <datafield tag="362" ind1="0" ind2=" ">
   <subfield code="a">Vol.7D, no.1(Jan. 2002)-v.</subfield>
  </datafield>
  <datafield tag="546" ind1=" " ind2=" ">
   <subfield code="a">English</subfield>
  </datafield>
  <datafield tag="535" ind1="0" ind2=" ">
   <subfield code="a">Κλειστό Βιβλιοστάσιο.</subfield>
  </datafield>
  <datafield tag="650" ind1=" " ind2="4">
   <subfield code="a">Transportation</subfield>
   <subfield code="x">Research</subfield>
   <subfield code="v">Periodicals.</subfield>
  </datafield>
  <datafield tag="650" ind1=" " ind2="4">
   <subfield code="a">Transportation</subfield>
   <subfield code="x">Environmental aspects</subfield>
   <subfield code="v">Periodicals.</subfield>
  </datafield>
  <datafield tag="852" ind1=" " ind2=" ">
   <subfield code="a">INST</subfield>
   <subfield code="b">UNIPILB</subfield>
   <subfield code="c">SERIALS</subfield>
   <subfield code="e">20050316</subfield>
   <subfield code="h">Αλφαβητική σειρά</subfield>
   <subfield code="p">41370</subfield>
   <subfield code="q">41370</subfield>
   <subfield code="t">NOLOAN</subfield>
   <subfield code="v">volD.7;no.1:(Μήνας)January;(Έτος)2002</subfield>
   <subfield code="y">23</subfield>
  </datafield>
  <datafield tag="852" ind1=" " ind2=" ">
   <subfield code="a">INST</subfield>
   <subfield code="b">UNIPILB</subfield>
   <subfield code="c">SERIALS</subfield>
   <subfield code="e">20050316</subfield>
   <subfield code="h">Αλφαβητική σειρά</subfield>
   <subfield code="p">41371</subfield>
   <subfield code="q">41371</subfield>
   <subfield code="t">NOLOAN</subfield>
   <subfield code="v">volD.7;no.2:(Μήνας)March;(Έτος)2002</subfield>
   <subfield code="y">23</subfield>
  </datafield>
  <datafield tag="852" ind1=" " ind2=" ">
   <subfield code="a">INST</subfield>
   <subfield code="b">UNIPILB</subfield>
   <subfield code="c">SERIALS</subfield>
   <subfield code="e">20050316</subfield>
   <subfield code="h">Αλφαβητική σειρά</subfield>
   <subfield code="p">41372</subfield>
   <subfield code="q">41372</subfield>
   <subfield code="t">NOLOAN</subfield>
   <subfield code="v">volD.7;no.3:(Μήνας)May;(Έτος)2002</subfield>
   <subfield code="y">23</subfield>
  </datafield>
  <datafield tag="852" ind1=" " ind2=" ">
   <subfield code="a">INST</subfield>
   <subfield code="b">UNIPILB</subfield>
   <subfield code="c">SERIALS</subfield>
   <subfield code="e">20050316</subfield>
   <subfield code="h">Αλφαβητική σειρά</subfield>
   <subfield code="p">41373</subfield>
   <subfield code="q">41373</subfield>
   <subfield code="t">NOLOAN</subfield>
   <subfield code="v">volD.7;no.4:(Μήνας)July;(Έτος)2002</subfield>
   <subfield code="y">23</subfield>
  </datafield>
  <datafield tag="852" ind1=" " ind2=" ">
   <subfield code="a">INST</subfield>
   <subfield code="b">UNIPILB</subfield>
   <subfield code="c">SERIALS</subfield>
   <subfield code="e">20050316</subfield>
   <subfield code="h">Αλφαβητική σειρά</subfield>
   <subfield code="p">41374</subfield>
   <subfield code="q">41374</subfield>
   <subfield code="t">NOLOAN</subfield>
   <subfield code="v">volD.7;no.5:(Μήνας)September;(Έτος)2002</subfield>
   <subfield code="y">23</subfield>
  </datafield>
  <datafield tag="852" ind1=" " ind2=" ">
   <subfield code="a">INST</subfield>
   <subfield code="b">UNIPILB</subfield>
   <subfield code="c">SERIALS</subfield>
   <subfield code="e">20050316</subfield>
   <subfield code="h">Αλφαβητική σειρά</subfield>
   <subfield code="p">41375</subfield>
   <subfield code="q">41375</subfield>
   <subfield code="t">NOLOAN</subfield>
   <subfield code="v">volD.7;no.6:(Μήνας)November;(Έτος)2002</subfield>
   <subfield code="y">23</subfield>
  </datafield>
  <datafield tag="856" ind1="4" ind2="1">
   <subfield code="u">http://www.sciencedirect.com/science?_ob=JournalURL&amp;_cdi=6060&amp;_auth=y&amp;_acct=C000006498&amp;_version=1&amp;_urlVersion=0&amp;_userid=604493&amp;md5=25911bc94899d1042b4b9a04125e226d</subfield>
  </datafield>
  <datafield tag="900" ind1=" " ind2=" ">
   <subfield code="a">Vol. D 8 no. 1 (January 2003)</subfield>
   <subfield code="b">Οφειλόμενο</subfield>
   <subfield code="c">07/04/2005</subfield>
  </datafield>
  <datafield tag="950" ind1=" " ind2=" ">
   <subfield code="a">01/01/2002</subfield>
   <subfield code="c">SWETS INFORMATION SERVICES</subfield>
   <subfield code="d">329</subfield>
  </datafield>
  <datafield tag="951" ind1=" " ind2=" ">
   <subfield code="a">Vol. D 7 no. 1 (January 2002) - Vol. D 7 no. 6 (November 2002)</subfield>
   <subfield code="b">Main run</subfield>
  </datafield>
 </record>
</collection>
